| 000 | 01379nam a2200349Ia 4500 | ||
|---|---|---|---|
| 001 | ebr10118451 | ||
| 003 | CaPaEBR | ||
| 006 | m u | ||
| 007 | cr cn||||||||| | ||
| 008 | 040227s2004 nyu sb 001 0 eng d | ||
| 010 | _z 2004041596 | ||
| 020 | _z1403973326 | ||
| 020 | _z1403966508 | ||
| 020 | _z1403966532 (pbk.) | ||
| 040 |
_aCaPaEBR _cCaPaEBR |
||
| 035 | _a(OCoLC)560031059 | ||
| 050 | 1 | 4 |
_aD2009 _b.M68 2004eb |
| 082 | 0 | 4 |
_a327.7304/09/0511 _222 |
| 100 | 1 | _aMowle, Thomas S. | |
| 245 | 1 | 0 |
_aAllies at odds? _h[electronic resource] : _bthe United States and the European Union / _cby Thomas S. Mowle. |
| 260 |
_aNew York : _bPalgrave Macmillan, _c2004. |
||
| 300 | _axi, 228 p. | ||
| 504 | _aIncludes bibliographical references and index. | ||
| 533 |
_aElectronic reproduction. _bPalo Alto, Calif. : _cebrary, _d2009. _nAvailable via World Wide Web. _nAccess may be limited to ebrary affiliated libraries. |
||
| 610 | 2 | 0 |
_aEuropean Union _zUnited States. |
| 650 | 0 | _aInternational relations. | |
| 651 | 0 |
_aEuropean Union countries _xForeign relations _zUnited States. |
|
| 651 | 0 |
_aUnited States _xForeign relations _zEuropean Union countries. |
|
| 655 | 7 |
_aElectronic books. _2local |
|
| 710 | 2 | _aebrary, Inc. | |
| 856 | 4 | 0 |
_uhttp://site.ebrary.com/lib/rucke/Doc?id=10118451 _zAn electronic book accessible through the World Wide Web; click to view |
| 999 |
_c217781 _d217781 |
||